00290nam a2200109Ia 4500008004100000100001700041245006600058260002000124650001400144942000700158999001500165190216s9999||||xx |||||||||||||| ||und|| aKreshkov A P 0aCourse Of Analytical Chemistry Vol Ii (quantitative Analysis) bMir Pubs Moscow aChemistry cBK c2103d2103